[Event "Titled Tuesday intern op 05th Apr Late"]
[Site "Chess.com INT"]
[Date "2022.04.05"]
[Round "5"]
[White "P, Komal Kishore"]
[Black "Pavlidou, Ekaterini"]
[Result "0-1"]
[WhiteElo "2086"]
[BlackElo "2163"]
[PlyCount "78"]
[EventDate "2022.04.05"]
[EventType "swiss (blitz)"]
[EventRounds "11"]
[EventCountry "USA"]
[SourceTitle "CBM 207 Extra"]
[Source "ChessBase"]
[SourceDate "2022.05.31"]
[SourceVersion "1"]
[SourceVersionDate "2022.05.31"]
[SourceQuality "1"]

1. e4 c5 2. Nf3 Nc6 3. Bb5 Qc7 4. 0-0 g6 5. c3 Bg7 6. d4 cxd4 7. cxd4 a6 8. Bd3 Nxd4 9. Nc3 Nxf3+ 10. Qxf3 e6 11. Bf4 d6 12. Rfe1 Ne7 13. Rad1 Bd7 14. Bb1 Nc8 15. Qg3 Be5 16. Bxe5 dxe5 17. Rc1 Qb8 18. Red1 0-0 19. Rxd7 Nb6 20. Rd3 Nc4 21. b3 Na5 22. Qh4 f6 23. Rh3 Rf7 24. Na4 b6 25. Bd3 Qd8 26. Bf1 Rc8 27. Rxc8 Qxc8 28. Rc3 Qd8 29. Qg4 b5 30. Nc5 b4 31. Rc1 f5 32. exf5 exf5 33. Qd1 Qe7 34. Bc4 Nxc4 35. Rxc4 Kg7 36. Qd5 Rf6 37. Nd7 Rd6 38. Qxe5+ Qxe5 39. Nxe5 Rd1# 0-1

[Event "Titled Tuesday intern op 22 Mar Late"]
[Site "Chess.com INT"]
[Date "2022.03.22"]
[Round "1"]
[White "Papp, Levente"]
[Black "P, Komal Kishore"]
[Result "1-0"]
[WhiteElo "2402"]
[BlackElo "2086"]
[PlyCount "73"]
[EventDate "2022.03.22"]
[EventType "swiss (blitz)"]
[EventRounds "11"]
[EventCountry "USA"]
[SourceTitle "CBM 207 Extra"]
[Source "ChessBase"]
[SourceDate "2022.05.31"]
[SourceVersion "1"]
[SourceVersionDate "2022.05.31"]
[SourceQuality "1"]

1. c4 c6 2. d4 d5 3. Nf3 Nf6 4. Nc3 dxc4 5. a4 Bf5 6. Ne5 Nbd7 7. Nxc4 Nb6 8. Ne5 Nfd7 9. Nxd7 Nxd7 10. e4 Bg6 11. Be3 e6 12. Qb3 Qb6 13. Qc4 Qxb2 14. Rb1 Qa3 15. Rxb7 Rc8 16. Rb1 Nb6 17. Qb3 Qxb3 18. Rxb3 Be7 19. Ba6 Rb8 20. 0-0 0-0 21. Rfb1 Rfd8 22. a5 Nd7 23. Rb7 c5 24. d5 Bf6 25. Na4 Bxe4 26. Rxb8 Rxb8 27. Rxb8+ Nxb8 28. Nxc5 Bxd5 29. Bc8 Nc6 30. a6 Kf8 31. Nd7+ Ke7 32. Nxf6 gxf6 33. Bb7 Kd6 34. f3 Kc7 35. Kf2 Kb8 36. Bc5 e5 37. Bd6# 1-0

[Event "Titled Tuesday intern op 22 Mar Late"]
[Site "Chess.com INT"]
[Date "2022.03.22"]
[Round "5"]
[White "Van den Dikkenberg, Erik"]
[Black "P, Komal Kishore"]
[Result "1-0"]
[WhiteElo "2160"]
[BlackElo "2086"]
[PlyCount "153"]
[EventDate "2022.03.22"]
[EventType "swiss (blitz)"]
[EventRounds "11"]
[EventCountry "USA"]
[SourceTitle "CBM 207 Extra"]
[Source "ChessBase"]
[SourceDate "2022.05.31"]
[SourceVersion "1"]
[SourceVersionDate "2022.05.31"]
[SourceQuality "1"]

1. e4 c6 2. d4 d5 3. exd5 cxd5 4. Bd3 Nc6 5. c3 Nf6 6. f4 g6 7. Nf3 Bg7 8. 0-0 Bg4 9. Nbd2 0-0 10. Qe1 Bxf3 11. Nxf3 e6 12. Ne5 Qc7 13. Qh4 Nd7 14. Be3 a6 15. Kh1 b5 16. Rf3 Bf6 17. Qh3 Rfb8 18. Ng4 Bg7 19. Nh6+ Kf8 20. Nxf7 Kxf7 21. Qxh7 Ne7 22. f5 exf5 23. Bf4 Qc6 24. Bxb8 Rxb8 25. Qh4 Rh8 26. Qf2 Nf6 27. Rf4 Qc7 28. h3 g5 29. Rxf5 Nxf5 30. Qxf5 g4 31. Qg6+ Kf8 32. Bf5 Qg3 33. Bxg4 Nxg4 34. Rf1+ Nf2+ 35. Rxf2+ Qxf2 36. Qd6+ Kg8 37. Qxd5+ Qf7 38. Qd8+ Bf8 39. Qg5+ Kh7 40. Qh4+ Kg7 41. Qg5+ Qg6 42. Qe5+ Kh7 43. Qc7+ Bg7 44. Qf4 Rf8 45. Qh4+ Kg8 46. Kh2 Qf7 47. Qe4 Qf4+ 48. Qxf4 Rxf4 49. Kg3 Rf6 50. Kg4 Kf7 51. g3 Rg6+ 52. Kf3 Bh6 53. g4 Bc1 54. h4 Kf6 55. g5+ Bxg5 56. hxg5+ Rxg5 57. Ke4 Ke6 58. b3 Kd6 59. a4 Rg2 60. c4 b4 61. c5+ Kc6 62. Kd3 Rg3+ 63. Kc4 Rc3+ 64. Kxb4 Rd3 65. Kc4 Rd1 66. b4 Rc1+ 67. Kd3 Rd1+ 68. Kc4 Rc1+ 69. Kd3 Rd1+ 70. Ke4 Rc1 71. d5+ Kc7 72. Ke5 Rc4 73. d6+ Kc6 74. Ke6 Re4+ 75. Kf5 Rxb4 76. Ke6 Rd4 77. Ke5 1-0

[Event "Titled Tuesday intern op 15 Mar Early"]
[Site "Chess.com INT"]
[Date "2022.03.15"]
[Round "2"]
[White "Brunner, Nicolas"]
[Black "P, Komal Kishore"]
[Result "1-0"]
[WhiteElo "2427"]
[BlackElo "2086"]
[PlyCount "87"]
[EventDate "2022.03.15"]
[EventType "swiss (blitz)"]
[EventRounds "11"]
[EventCountry "USA"]
[SourceTitle "CBM 207 Extra"]
[Source "ChessBase"]
[SourceDate "2022.05.31"]
[SourceVersion "1"]
[SourceVersionDate "2022.05.31"]
[SourceQuality "1"]

1. d4 c6 2. c4 d5 3. Nf3 Nf6 4. e3 Bg4 5. Qb3 Qb6 6. Nc3 Bxf3 7. gxf3 Qxb3 8. axb3 e6 9. e4 Be7 10. Rg1 0-0 11. Bh6 Ne8 12. cxd5 exd5 13. exd5 Bf6 14. 0-0-0 Kh8 15. Bg5 Bxg5+ 16. Rxg5 Nf6 17. Bc4 cxd5 18. Nxd5 Nxd5 19. Bxd5 Nc6 20. Bxc6 Rac8 21. Rc5 Rxc6 22. Rxc6 bxc6 23. Re1 g6 24. Kc2 Kg7 25. Re7 Ra8 26. Rc7 Re8 27. Kd3 Rb8 28. Kc4 Re8 29. Rxc6 Re2 30. d5 Kf8 31. d6 Ke8 32. Rc7 Rxf2 33. Re7+ Kd8 34. Rxf7 Rxh2 35. Rxa7 h5 36. Rg7 Rg2 37. b4 h4 38. b5 h3 39. Rh7 h2 40. b4 Rc2+ 41. Kd5 g5 42. b6 Kc8 43. d7+ Kd8 44. b7 1-0

[Event "Titled Tuesday intern op 15 Mar Late"]
[Site "Chess.com INT"]
[Date "2022.03.15"]
[Round "9"]
[White "Desideri, Ricardo Maruchi"]
[Black "P, Komal Kishore"]
[Result "1-0"]
[WhiteElo "1939"]
[BlackElo "2086"]
[PlyCount "51"]
[EventDate "2022.03.15"]
[EventType "swiss (blitz)"]
[EventRounds "11"]
[EventCountry "USA"]
[SourceTitle "CBM 207 Extra"]
[Source "ChessBase"]
[SourceDate "2022.05.31"]
[SourceVersion "1"]
[SourceVersionDate "2022.05.31"]
[SourceQuality "1"]

1. e4 c6 2. d4 d5 3. e5 Bf5 4. h4 h5 5. Bd3 Bxd3 6. Qxd3 e6 7. Bg5 Be7 8. Nf3 Nh6 9. Nbd2 Nf5 10. c4 Nd7 11. Nf1 Qa5+ 12. Bd2 Qb6 13. Ne3 Nxe3 14. fxe3 Qxb2 15. Rb1 dxc4 16. Qe4 Qxa2 17. Rxb7 Qa1+ 18. Rb1 Qa6 19. 0-0 0-0 20. Ng5 g6 21. Nxf7 Rxf7 22. Qxg6+ Rg7 23. Qxe6+ Kh8 24. Rf7 Qa2 25. Qh6+ Kg8 26. Qxg7# 1-0

[Event "Titled Tuesday intern op 15 Mar Early"]
[Site "Chess.com INT"]
[Date "2022.03.15"]
[Round "3"]
[White "P, Komal Kishore"]
[Black "Foisor, Sabina Francesca"]
[Result "1-0"]
[WhiteElo "2086"]
[BlackElo "2208"]
[PlyCount "87"]
[EventDate "2022.03.15"]
[EventType "swiss (blitz)"]
[EventRounds "11"]
[EventCountry "USA"]
[SourceTitle "CBM 207 Extra"]
[Source "ChessBase"]
[SourceDate "2022.05.31"]
[SourceVersion "1"]
[SourceVersionDate "2022.05.31"]
[SourceQuality "1"]

1. e4 c6 2. d4 g6 3. Nc3 d5 4. Nf3 Bg7 5. Bd3 dxe4 6. Nxe4 Nf6 7. c3 0-0 8. 0-0 Nxe4 9. Bxe4 Nd7 10. Bf4 Nf6 11. Bc2 Bg4 12. h3 Bxf3 13. Qxf3 Qd5 14. Qxd5 cxd5 15. Rfe1 e6 16. a4 b6 17. a5 b5 18. a6 Rfc8 19. Bd3 Nh5 20. Bd6 Rc6 21. Bc5 Rb8 22. Bxa7 Ra8 23. Bxb5 Rcc8 24. Bc5 Bf8 25. b4 Nf6 26. f3 Bxc5 27. dxc5 Kf8 28. Ra2 Ke7 29. a7 Rc7 30. Rea1 Nd7 31. Bxd7 Kxd7 32. Ra6 Kc8 33. c6 f6 34. b5 e5 35. Kf2 d4 36. cxd4 exd4 37. Ke2 Re7+ 38. Kd3 Kc7 39. Kxd4 Re2 40. Rc1 Rd8+ 41. Kc5 Ra8 42. b6+ Kd8 43. b7 Re5+ 44. Kd4 1-0

[Event "Titled Tuesday intern op 15 Mar Late"]
[Site "Chess.com INT"]
[Date "2022.03.15"]
[Round "8"]
[White "P, Komal Kishore"]
[Black "Toncheva, Nadya"]
[Result "0-1"]
[WhiteElo "2086"]
[BlackElo "2207"]
[PlyCount "60"]
[EventDate "2022.03.15"]
[EventType "swiss (blitz)"]
[EventRounds "11"]
[EventCountry "USA"]
[SourceTitle "CBM 207 Extra"]
[Source "ChessBase"]
[SourceDate "2022.05.31"]
[SourceVersion "1"]
[SourceVersionDate "2022.05.31"]
[SourceQuality "1"]

1. e4 d5 2. exd5 Qxd5 3. Nc3 Qa5 4. d4 c6 5. Nf3 Nf6 6. Bc4 Bf5 7. 0-0 e6 8. Bd2 Qc7 9. Re1 Nbd7 10. Ne5 Bd6 11. f4 0-0 12. Qf3 a6 13. Bb3 c5 14. Nxd7 Nxd7 15. d5 c4 16. dxe6 fxe6 17. Ba4 b5 18. Bxb5 axb5 19. Kh1 Qb6 20. g4 Bxc2 21. Rxe6 Nc5 22. Rxd6 Qxd6 23. Be3 b4 24. Nb5 Qb6 25. Qd5+ Qe6 26. Qxc5 Be4+ 27. Kg1 Qxg4+ 28. Kf2 Qf3+ 29. Ke1 Bd3 30. Nd4 Qxe3+ 0-1